Rozpoznaj miasto po zdjęciu 2 - Statystyki

Ogólne statystyki
  • Ten quiz został rozwiązany 29 razy
  • Średni wynik to 7 z 16
Statystyki odpowiedzi
Obrazkowy Odpowiedź % Poprawnych
Paryż
100%
Rzym
92%
Moskwa
88%
Rio De Janeiro
88%
Monako
68%
Wrocław
56%
Madryt
52%
Buenos Aires
36%
Monachium
28%
Porto
24%
Pyongyang
20%
Manchester
16%
Wilno
12%
Canberra
4%
Maniitsoq
4%
Yaren
4%
Nie znaleziono quizów pasujących do podanych kryteriów
Rozkład punktacji
Procent ludzi z każdym wynikiem
Percentyl według liczby udzielonych odpowiedzi
Twoja historia wyników
Nie rozwiązałeś tego quizu